Southville International School and Colleges
Your cart is empty.
  • Cart
  • Lists
    Public lists Eva Luna New books Lux_list list_1
    Your lists Log in to create your own lists
  • Log in to your account
  • Your cookies
  • Search history
Southville International School and Colleges
  • Advanced search
  • Recent comments
  • Most popular
  • Libraries

Log in to your account

Log in with GOOGLE


If you do not have an external account, but do have a local account, you can still log in:

  1. Home
  2. MARC view: Light and lens :
Normal view MARC view ISBD view

Light and lens : (Record no. 115738)

[ view plain ]
MARC details
000 -LEADER
fixed length control field 00560nam a2200181Ia 4500
008 - FIXED-LENGTH DATA ELEMENTS--GENERAL INFORMATION
fixed length control field 140429s9999 xx 000 0 und d
020 ## - INTERNATIONAL STANDARD BOOK NUMBER
International Standard Book Number 9780240808550
050 ## - LIBRARY OF CONGRESS CALL NUMBER
Classification number TR 267
Item number .H615 2008
100 ## - MAIN ENTRY--PERSONAL NAME
Personal name Hirsch, Robert
245 ## - TITLE STATEMENT
Title Light and lens :
Remainder of title photography in the digital age /
Statement of responsibility, etc Robert Hirsch.
260 ## - PUBLICATION, DISTRIBUTION, ETC. (IMPRINT)
Place of publication, distribution, etc Boston :
Name of publisher, distributor, etc Focal Press,
Date of publication, distribution, etc c2008.
300 ## - PHYSICAL DESCRIPTION
Extent 397 p. :
Other physical details col. ill. ;
Dimensions 19 cm.
500 ## - GENERAL NOTE
General note Includes bibliographical references and index.
521 ## - TARGET AUDIENCE NOTE
Target audience note
650 ## - SUBJECT ADDED ENTRY--TOPICAL TERM
Topical term or geographic name as entry element Photography
General subdivision Digital techniques.
942 ## - ADDED ENTRY ELEMENTS (KOHA)
Call number prefix Foreign
Koha item type Books
Holdings
Withdrawn status Lost status Source of classification or shelving scheme Damaged status Home library Current library Shelving location Date acquired Source of acquisition Total Checkouts Total Renewals Full call number Barcode Date last seen Date checked out Price effective from Koha item type
    Library of Congress Classification   College Library College Library General Circulation Section 04/29/2014 Library Fund 1 1 TR 267 .H615 2008 C16822 04/11/2023 04/03/2023 04/29/2014 Books

Light and lens :

APA

Hirsch R., . (2008). Light and lens. Boston: Focal Press.

Chicago

Hirsch Robert, . 2008. Light and lens. Boston: Focal Press.

Harvard

Hirsch R., . (2008). Light and lens. Boston: Focal Press.

MLA

Hirsch Robert, . Light and lens. Boston: Focal Press. 2008.

  • Place hold
  • Print
  • Cite
  • Add to your cart (remove)
  • Save record
    BIBTEX Dublin Core MARCXML MARC (non-Unicode/MARC-8) MARC (Unicode/UTF-8) MARC (Unicode/UTF-8, Standard) MODS (XML) RIS
  • More searches
    Search for this title in:
    Other Libraries (WorldCat) Other Databases (Google Scholar) Online Stores (Bookfinder.com) Open Library (openlibrary.org)

Exporting to Dublin Core...

SOUTHVILLE LIBRARY

Southville International School and Colleges Library

1281 Tropical Ave. Cor. Luxembourg St., BF Homes International, Las Pinas City

Tel. No. 8256374 / 252358 Loc. 117/146

Powered by Koha